| 000 | 00919cam a2200301 i 4500 | ||
|---|---|---|---|
| 001 | 200462549 | ||
| 003 | TR-AnTOB | ||
| 005 | 20240926091105.0 | ||
| 007 | ta | ||
| 008 | 240926s2022 tu b 000 0 tur | ||
| 020 | _a9789751632869 (hardback) | ||
| 040 |
_aGAZIU _beng _erda _cTR-AnTOB |
||
| 041 | 0 | _atur | |
| 050 | 0 | 0 |
_aPL72.4 _b.Ö972 2022 |
| 090 |
_aPL72.4 _b.Ö972 2022 |
||
| 100 | 1 |
_aÖzşahin, Murat _eauthor _9147115 |
|
| 245 | 1 | 0 |
_aBaşkurt Türkçesi sözlüğü / _cMurat Özşahin. |
| 264 | 1 |
_aAnkara : _bTürk Dil Kurumu, _c2022. |
|
| 300 |
_a759 pages ; _c24 cm |
||
| 336 |
_atext _btxt _2rdacontent |
||
| 337 |
_aunmediated _bn _2rdamedia |
||
| 338 |
_avolume _bnc _2rdacarrier |
||
| 490 | 0 |
_aTürk Dil Kurumu Yayınları ; _v1224 _aTürk Dillerinin Sözlükleri Başkurtça ; _v11 |
|
| 504 | _aBIB | ||
| 650 | 7 |
_aBaşkurt dili _2etuturkob _9147002 |
|
| 942 |
_2lcc _cBK |
||
| 999 |
_c200462549 _d80761 |
||